[Event "Ledain mem"]
[Site "Montreal CAN"]
[Date "1982.04.10"]
[Round "4"]
[White "Rousseau, Daniel"]
[Black "Schaeffer, Jonathan"]
[Result "0-1"]
[WhiteElo "1859"]
[BlackElo "2105"]
[PlyCount "102"]
[GameId "2160767912848588"]
[EventDate "1982.04.09"]
[EventType "swiss"]
[EventRounds "6"]
[EventCountry "CAN"]
[SourceTitle "hb 2011"]

1. e4 g6 2. d4 Bg7 3. c4 d6 4. Nc3 Nc6 5. Be3 e5 6. Nge2 Nf6 7. f3 O-O 8. d5 Ne7 9. Qd2 Ne8 10. O-O-O f5 11. exf5 gxf5 12. Bh6 Bd7 13. Bxg7 Nxg7 14. f4 Ng6 15. h4 Nh5 16. fxe5 Nxe5 17. b3 Qf6 18. Qg5+ Qg6 19. Nd4 Qxg5+ 20. hxg5 Ng3 21. Rh4 a6 22. Be2 Rae8 23. Bf3 b6 24. Ne6 Bxe6 25. dxe6 Nxf3 26. gxf3 Rxe6 27. Nd5 Re2 28. Nf6+ Rxf6 29. gxf6 Rxa2 30. Kb1 Rf2 31. Rd3 h5 32. f4 Ne4 33. Rxh5 Rxf4 34. f7+ Kxf7 35. Rh7+ Ke6 36. Rxc7 b5 37. Rc6 bxc4 38. Rxc4 Rf2 39. Rc6 a5 40. Ra6 f4 41. Rxa5 f3 42. Kc1 Nc5 43. Re3+ Kd5 44. b4 Kd4 45. bxc5 Kxe3 46. cxd6 Rh2 47. Rf5 f2 48. d7 Rh1+ 49. Kc2 Rh8 50. Re5+ Kf3 51. Re7 f1=Q 0-1

[Event "Ledain mem"]
[Site "Montreal CAN"]
[Date "1982.04.11"]
[Round "5"]
[White "Roy, Guy"]
[Black "Rousseau, Daniel"]
[Result "0-1"]
[WhiteElo "1975"]
[BlackElo "1859"]
[PlyCount "100"]
[GameId "2160767912848590"]
[EventDate "1982.04.09"]
[EventType "swiss"]
[EventRounds "6"]
[EventCountry "CAN"]
[SourceTitle "hb 2011"]

1. b3 e5 2. Bb2 d6 3. c4 g6 4. e3 Bg7 5. Nf3 Nf6 6. d4 O-O 7. Be2 e4 8. Nfd2 Re8 9. Nc3 c6 10. g4 Qa5 11. h4 h6 12. a3 d5 13. b4 Qd8 14. g5 hxg5 15. h5 Bf5 16. h6 Bh8 17. Nf1 Nbd7 18. Ng3 Be6 19. Qc2 Nf8 20. O-O-O a5 21. c5 Qd7 22. b5 b6 23. bxc6 Qc7 24. cxb6 Qxb6 25. Bb5 Rec8 26. a4 Ne8 27. Ba3 Nh7 28. Bc5 Qd8 29. Qb3 Bf6 30. Ngxe4 dxe4 31. d5 Bg4 32. d6 Rab8 33. Qc2 Rxc6 34. Bxc6 Qc8 35. d7 Qxc6 36. dxe8=Q+ Rxe8 37. Bd4 Bxd1 38. Rxd1 Bxd4 39. Rxd4 Rc8 40. Kd2 Nf6 41. Qb3 Qc7 42. Kc2 Kh7 43. Kb2 Kxh6 44. Rd2 Nd7 45. Rc2 Nc5 46. Qa3 Nd3+ 47. Ka1 Nb4 48. Rc1 Nd3 49. Rc2 Nxf2 50. Qc1 g4 0-1

[Event "Ledain mem"]
[Site "Montreal CAN"]
[Date "1982.04.11"]
[Round "6"]
[White "Rousseau, Daniel"]
[Black "Roos, Celine"]
[Result "1/2-1/2"]
[WhiteElo "1859"]
[BlackElo "2016"]
[PlyCount "55"]
[GameId "2160767912848592"]
[EventDate "1982.04.09"]
[EventType "swiss"]
[EventRounds "6"]
[EventCountry "CAN"]
[SourceTitle "hb 2011"]

1. e4 c6 2. d4 d5 3. Nc3 dxe4 4. Nxe4 Bf5 5. Ng3 Bg6 6. Nh3 e6 7. Nf4 Be7 8. h4 Bxh4 9. Qg4 Bxg3 10. Nxg6 fxg6 11. Qxg3 Nf6 12. Bd3 Kf7 13. Bd2 Nbd7 14. O-O-O Rc8 15. Bb4 a5 16. Bd6 Nh5 17. Qe3 Nhf6 18. Be5 a4 19. Qg3 Qa5 20. Rxh7 Rxh7 21. Bxg6+ Kf8 22. Bxh7 Nxe5 23. dxe5 Nxh7 24. Rd7 Qe1+ 25. Rd1 Qe4 26. Rd7 Qe1+ 27. Rd1 Qe4 28. Rd7 1/2-1/2

[Event "Mars"]
[Site "Montreal CAN"]
[Date "1982.03.26"]
[Round "1"]
[White "Moran, Michael"]
[Black "Rousseau, Daniel"]
[Result "0-1"]
[WhiteElo "1567"]
[BlackElo "1893"]
[PlyCount "108"]
[GameId "2160767912848638"]
[EventDate "1982.03.26"]
[EventType "swiss"]
[EventRounds "5"]
[EventCountry "CAN"]
[SourceTitle "hb 2011"]

1. e4 c5 2. Nf3 Nc6 3. d4 cxd4 4. Nxd4 Nf6 5. Nc3 d6 6. Bc4 e6 7. Be3 Be7 8. Qe2 O-O 9. O-O-O a6 10. Bb3 Qc7 11. f4 Nxd4 12. Bxd4 e5 13. Be3 Bg4 14. Qf2 Bxd1 15. Rxd1 b5 16. Bb6 Qb7 17. Nd5 Nxe4 18. Qf3 Kh8 19. Qxe4 a5 20. a3 a4 21. Ba2 Rac8 22. fxe5 Rfe8 23. Nf6 Qxe4 24. Nxe4 dxe5 25. Bxf7 Rf8 26. Ba2 Rc6 27. Ba5 Rfc8 28. c3 g6 29. Rd5 Bf8 30. Rxe5 Bh6+ 31. Ng5 Rc5 32. Bd5 Kg7 33. Kc2 Bxg5 34. Rxg5 Kf6 35. Rxg6+ hxg6 36. Bf3 Re8 37. Bb4 Rf5 38. h3 Rxf3 39. gxf3 Re2+ 40. Kd3 Rh2 41. Kd4 Rxh3 42. Kc5 Rh5+ 43. Kb6 Rf5 44. Bc5 Rxf3 45. Kxb5 Rf5 46. c4 g5 47. Kb6 Rf4 48. Kb5 g4 49. Bb6 g3 50. c5 g2 51. c6 Ke6 52. Ka6 Rc4 53. Kb7 Rc2 54. c7 Kd7 0-1

[Event "Mars"]
[Site "Montreal CAN"]
[Date "1982.03.27"]
[Round "2"]
[White "Witt, Laszlo"]
[Black "Rousseau, Daniel"]
[Result "0-1"]
[WhiteElo "2395"]
[BlackElo "1893"]
[PlyCount "101"]
[GameId "2160767912848640"]
[EventDate "1982.03.26"]
[EventType "swiss"]
[EventRounds "5"]
[EventCountry "CAN"]
[SourceTitle "hb 2011"]

1. d4 Nf6 2. Nf3 d5 3. g3 e6 4. Bg2 Be7 5. O-O O-O 6. c4 c6 7. Nc3 Nbd7 8. Bf4 dxc4 9. e4 a6 10. a4 h6 11. Qe2 c5 12. d5 exd5 13. exd5 Re8 14. Rfd1 Bd6 15. Qxc4 Nb6 16. Qd3 Bxf4 17. gxf4 Qd6 18. a5 Nbd7 19. Qd2 Nh5 20. Re1 Rxe1+ 21. Rxe1 Ndf6 22. Ne5 Bd7 23. Ne4 Nxe4 24. Rxe4 Nf6 25. Re1 Bb5 26. b3 Rd8 27. Nc4 Qd7 28. Nb6 Qf5 29. h3 Bc6 30. dxc6 Rxd2 31. c7 Rd3 32. c8=Q+ Qxc8 33. Nxc8 Rxb3 34. Ne7+ Kf8 35. Nd5 Ne8 36. Nb6 Nd6 37. Nd7+ Kg8 38. Nxc5 Rb5 39. Rd1 Rxc5 40. Rxd6 Rxa5 41. Bxb7 Ra4 42. f5 Ra5 43. Rxa6 Rxa6 44. Bxa6 Kf8 45. Kg2 Ke7 46. Kg3 g6 47. fxg6 fxg6 48. Bd3 Kf6 49. h4 g5 50. hxg5+ hxg5 51. Kg4 0-1

[Event "Mars"]
[Site "Montreal CAN"]
[Date "1982.03.27"]
[Round "3"]
[White "Rousseau, Daniel"]
[Black "Alain, Benoit"]
[Result "1-0"]
[WhiteElo "1893"]
[BlackElo "1806"]
[PlyCount "47"]
[GameId "2160767912848642"]
[EventDate "1982.03.26"]
[EventType "swiss"]
[EventRounds "5"]
[EventCountry "CAN"]
[SourceTitle "hb 2011"]

1. e4 c6 2. d4 d5 3. exd5 cxd5 4. Nf3 Nf6 5. Bd3 Bg4 6. Bf4 Nc6 7. c3 e6 8. Nbd2 Bd6 9. Bxd6 Qxd6 10. Qe2 a6 11. h3 Bh5 12. Qe3 Bg6 13. Bxg6 hxg6 14. Ne5 b5 15. O-O Rh5 16. Rfe1 Ne7 17. b4 a5 18. Qd3 Qb8 19. bxa5 Rxa5 20. Nb3 Ra3 21. Nc5 Nc8 22. Nxe6 Ne4 23. Nxg7+ Kf8 24. Nd7+ 1-0

[Event "Mars"]
[Site "Montreal CAN"]
[Date "1982.03.28"]
[Round "4"]
[White "Croisetiere, Michel"]
[Black "Rousseau, Daniel"]
[Result "0-1"]
[WhiteElo "1925"]
[BlackElo "1893"]
[PlyCount "84"]
[GameId "2160767912848643"]
[EventDate "1982.03.26"]
[EventType "swiss"]
[EventRounds "5"]
[EventCountry "CAN"]
[SourceTitle "hb 2011"]

1. e4 e5 2. Nf3 Nc6 3. d4 exd4 4. Bc4 Nf6 5. O-O Be7 6. Re1 O-O 7. Nxd4 Nxd4 8. Qxd4 d6 9. Nc3 Bd7 10. Bg5 h6 11. Bh4 Bc6 12. Rad1 Re8 13. f4 Qd7 14. Qf2 Nxe4 15. Nxe4 Bxh4 16. Qxh4 Bxe4 17. Rd2 Qf5 18. Bb3 d5 19. c3 Rad8 20. Ba4 c6 21. Qf2 b5 22. Bd1 Rd7 23. h3 Qg6 24. f5 Qd6 25. Rde2 Rde7 26. a3 a5 27. b4 axb4 28. axb4 Qf6 29. Qc5 Re5 30. g4 h5 31. Re3 hxg4 32. Bxg4 Ra8 33. Qd4 Qd6 34. Bf3 Rae8 35. Bg4 Qh6 36. Qd1 g6 37. f6 Qf4 38. Bd7 Rg5+ 39. Bg4 Qxf6 40. Rf1 Qe5 41. Qe2 f5 42. Qf2 Qe7 0-1

[Event "Mars"]
[Site "Montreal CAN"]
[Date "1982.03.28"]
[Round "5"]
[White "Ibrahim, Anthony"]
[Black "Rousseau, Daniel"]
[Result "1-0"]
[WhiteElo "1898"]
[BlackElo "1893"]
[PlyCount "51"]
[GameId "2160767912848645"]
[EventDate "1982.03.26"]
[EventType "swiss"]
[EventRounds "5"]
[EventCountry "CAN"]
[SourceTitle "hb 2011"]

1. c4 Nf6 2. Nc3 e6 3. e4 e5 4. Nf3 Nc6 5. d4 exd4 6. Nxd4 Bb4 7. f3 O-O 8. Be3 Re8 9. Be2 Bxc3+ 10. bxc3 Nxe4 11. fxe4 Qh4+ 12. Bf2 Qxe4 13. Kf1 a6 14. Bd3 Qf4 15. Nf3 b6 16. Bg3 Qf6 17. Qc2 Nb4 18. Qd2 Bb7 19. Bh4 Qe6 20. Re1 Qg4 21. h3 Qh5 22. g4 Qxh4 23. Rxe8+ Rxe8 24. Nxh4 Nxd3 25. Qxd3 Bxh1 26. Qxd7 1-0

[Event "Specialiste"]
[Site "Montreal CAN"]
[Date "1982.03.19"]
[Round "1"]
[White "Barbeau, Sylvain"]
[Black "Rousseau, Daniel"]
[Result "1-0"]
[WhiteElo "2234"]
[BlackElo "1859"]
[PlyCount "55"]
[GameId "2160767912848653"]
[EventDate "1982.03.19"]
[EventType "swiss"]
[EventRounds "5"]
[EventCountry "CAN"]
[SourceTitle "hb 2011"]

1. c4 g6 2. Nc3 Bg7 3. g3 Nf6 4. Bg2 O-O 5. Nf3 d6 6. d4 Nbd7 7. O-O e5 8. b3 c6 9. Qc2 Re8 10. Rd1 e4 11. Ng5 d5 12. cxd5 cxd5 13. Nb5 h6 14. Nh3 Nf8 15. Nc7 Bxh3 16. Nxe8 Bxg2 17. Nxf6+ Qxf6 18. Kxg2 Ne6 19. Be3 Qf5 20. Rac1 Qh5 21. f3 f5 22. fxe4 fxe4 23. Qd2 g5 24. Rf1 g4 25. Kg1 Qg6 26. Rf2 Rf8 27. Rxf8+ Bxf8 28. Qa5 1-0

[Event "Specialiste"]
[Site "Montreal CAN"]
[Date "1982.03.20"]
[Round "2"]
[White "Rousseau, Daniel"]
[Black "Bowles, Charles"]
[Result "1-0"]
[WhiteElo "1859"]
[BlackElo "1557"]
[PlyCount "45"]
[GameId "2160767912848656"]
[EventDate "1982.03.19"]
[EventType "swiss"]
[EventRounds "5"]
[EventCountry "CAN"]
[SourceTitle "hb 2011"]

1. e4 g6 2. d4 d6 3. c4 Bg7 4. Nc3 Nf6 5. f3 O-O 6. Be3 b6 7. Qd2 c5 8. d5 e6 9. O-O-O exd5 10. Nxd5 Bb7 11. Nc3 Ne8 12. h4 a6 13. h5 b5 14. hxg6 fxg6 15. cxb5 axb5 16. Bxb5 Qa5 17. Bc4+ Kh8 18. Nge2 Ba6 19. Bd5 Bxe2 20. Rxh7+ Kxh7 21. Rh1+ Bh6 22. Bxh6 Bxf3 23. Bxf8+ 1-0

[Event "Specialiste"]
[Site "Montreal CAN"]
[Date "1982.03.20"]
[Round "3"]
[White "Bouthillette, Raymond"]
[Black "Rousseau, Daniel"]
[Result "0-1"]
[WhiteElo "1447"]
[BlackElo "1859"]
[PlyCount "84"]
[GameId "2160767912848657"]
[EventDate "1982.03.19"]
[EventType "swiss"]
[EventRounds "5"]
[EventCountry "CAN"]
[SourceTitle "hb 2011"]

1. e4 c5 2. Nf3 Nc6 3. Nc3 d6 4. Bb5 e6 5. d4 cxd4 6. Nxd4 Bd7 7. Bxc6 bxc6 8. O-O Nf6 9. Bg5 Be7 10. Nf3 Qc7 11. Re1 e5 12. Bxf6 Bxf6 13. Qd3 Be6 14. Rad1 Rd8 15. b3 O-O 16. Qe3 Rfe8 17. h3 Bc8 18. Nh2 Qa5 19. a4 d5 20. exd5 cxd5 21. Ne2 g6 22. Ng4 Bg7 23. Qc3 Qxc3 24. Nxc3 f5 25. Nh2 d4 26. Nb5 a6 27. Na3 Be6 28. Nf3 e4 29. Nd2 e3 30. fxe3 dxe3 31. Rxe3 Bd4 32. Ndc4 Bxc4 33. Nxc4 Bxe3+ 34. Nxe3 Rxd1+ 35. Nxd1 Re1+ 36. Kf2 Rxd1 37. Ke3 Kf7 38. g4 fxg4 39. hxg4 Ke6 40. c4 Rb1 41. Kd4 Rxb3 42. Kc5 h5 0-1

[Event "Specialiste"]
[Site "Montreal CAN"]
[Date "1982.03.21"]
[Round "4"]
[White "Rousseau, Daniel"]
[Black "Douville, Martin"]
[Result "1-0"]
[WhiteElo "1859"]
[BlackElo "1535"]
[PlyCount "35"]
[GameId "2160767912848661"]
[EventDate "1982.03.19"]
[EventType "swiss"]
[EventRounds "5"]
[EventCountry "CAN"]
[SourceTitle "hb 2011"]

1. e4 e6 2. d4 d5 3. Nc3 dxe4 4. Nxe4 Nd7 5. Nf3 Ngf6 6. Nxf6+ Nxf6 7. Bd3 Be7 8. O-O O-O 9. c3 b6 10. Bc2 h6 11. Qd3 Bb7 12. Re1 Re8 13. Ne5 Qd5 14. f3 Rf8 15. Ng4 g6 16. Nxh6+ Kg7 17. Nxf7 Qh5 18. Re5 1-0

[Event "Specialiste"]
[Site "Montreal CAN"]
[Date "1982.03.21"]
[Round "5"]
[White "Rousseau, Daniel"]
[Black "Roos, Celine"]
[Result "1-0"]
[WhiteElo "1859"]
[BlackElo "2016"]
[PlyCount "135"]
[GameId "2160767912848665"]
[EventDate "1982.03.19"]
[EventType "swiss"]
[EventRounds "5"]
[EventCountry "CAN"]
[SourceTitle "hb 2011"]

1. e4 c6 2. d4 d5 3. Nc3 dxe4 4. Nxe4 Nf6 5. Nxf6+ gxf6 6. Nf3 Bg4 7. Be2 Qc7 8. Be3 Nd7 9. Qd2 e6 10. Bf4 Bd6 11. Bxd6 Qxd6 12. O-O-O O-O-O 13. c4 Qc7 14. Kb1 Kb8 15. Rc1 Rhg8 16. Ka1 f5 17. h3 Bxf3 18. Bxf3 Nf6 19. Qe3 f4 20. Qc3 Rg6 21. Rhd1 h5 22. b4 h4 23. a4 Rgg8 24. b5 cxb5 25. axb5 Rc8 26. Rd2 Rgd8 27. Ra2 b6 28. Bc6 Qe7 29. Ra6 e5 30. d5 e4 31. Rc2 Rc7 32. Rca2 Nd7 33. Qd4 Nc5 34. R6a3 f5 35. Rd2 Qg7 36. d6 Qxd4+ 37. Rxd4 Rg7 38. Rd2 Nd3 39. Raxd3 exd3 40. Rxd3 Kc8 41. Kb1 Rg6 42. d7+ Kc7 43. Kc1 Rxc6 44. bxc6 Kxc6 45. Rd5 Rxd7 46. Rxf5 Rd4 47. Rh5 Rxc4+ 48. Kd2 a5 49. Rxh4 a4 50. Rh8 b5 51. Ra8 Kb7 52. Ra5 Kb6 53. Ra8 Re4 54. g4 Kc5 55. g5 Re6 56. h4 Rg6 57. Kd3 Kd5 58. Ra5 Rb6 59. h5 Ke6 60. Ke4 b4 61. Rxa4 b3 62. Ra1 Rb4+ 63. Kf3 Kf5 64. g6 Rb7 65. Rg1 b2 66. h6 Kf6 67. g7 Rb8 68. h7 1-0

[Event "Hiver/Winter op"]
[Site "Montreal CAN"]
[Date "1982.02.19"]
[Round "1"]
[White "Arsenault, Frank"]
[Black "Rousseau, Daniel"]
[Result "0-1"]
[WhiteElo "1550"]
[BlackElo "1782"]
[PlyCount "70"]
[GameId "2160767912848689"]
[EventDate "1982.02.19"]
[EventType "swiss"]
[EventRounds "5"]
[EventCountry "CAN"]
[SourceTitle "hb 2011"]

1. c4 Nf6 2. Nc3 e6 3. Nf3 d5 4. d4 Be7 5. Bg5 O-O 6. e3 Nbd7 7. Qc2 a6 8. Bd3 h6 9. Bh4 dxc4 10. Bxc4 b5 11. Bd3 Bb7 12. e4 c5 13. e5 Nd5 14. Bxe7 Qxe7 15. Nxd5 Bxd5 16. dxc5 Bxf3 17. gxf3 Nxe5 18. Be4 Rac8 19. b4 f5 20. f4 Ng6 21. Bf3 Nxf4 22. Rg1 e5 23. O-O-O e4 24. Rde1 a5 25. a3 axb4 26. axb4 Qf6 27. Qb3+ Kh8 28. Be2 Ra8 29. Bxb5 Qa1+ 30. Kd2 Ra2+ 31. Ke3 Nd5+ 32. Qxd5 Qc3+ 33. Bd3 Qd2+ 34. Kd4 Qxd3+ 35. Ke5 Re8+ 0-1

[Event "Hiver/Winter op"]
[Site "Montreal CAN"]
[Date "1982.02.20"]
[Round "2"]
[White "Rousseau, Daniel"]
[Black "Kurtz, Murray"]
[Result "1-0"]
[WhiteElo "1782"]
[BlackElo "1988"]
[PlyCount "63"]
[GameId "2160767912848695"]
[EventDate "1982.02.19"]
[EventType "swiss"]
[EventRounds "5"]
[EventCountry "CAN"]
[SourceTitle "hb 2011"]

1. e4 c5 2. Nf3 d6 3. d4 cxd4 4. Nxd4 Nf6 5. Nc3 g6 6. Be3 Bg7 7. f3 Nc6 8. Qd2 O-O 9. Bc4 Bd7 10. O-O-O Qa5 11. Kb1 Rfc8 12. Bb3 Ne5 13. g4 Nc4 14. Bxc4 Rxc4 15. Nb3 Qa6 16. e5 Nxg4 17. fxg4 Bxg4 18. Rdf1 Rac8 19. Rf4 Bxe5 20. Rxc4 Rxc4 21. Rg1 Be6 22. Nd4 Bd7 23. h4 h5 24. Nd5 e6 25. Ne7+ Kh7 26. Nxg6 fxg6 27. Qf2 Be8 28. Qf8 Rxd4 29. Qe7+ Bf7 30. Qxf7+ Kh8 31. Bxd4 Bxd4 32. Rxg6 1-0

[Event "Hiver/Winter op"]
[Site "Montreal CAN"]
[Date "1982.02.20"]
[Round "3"]
[White "Leimanis, Eriks"]
[Black "Rousseau, Daniel"]
[Result "1-0"]
[WhiteElo "2001"]
[BlackElo "1782"]
[PlyCount "121"]
[GameId "2160767912848697"]
[EventDate "1982.02.19"]
[EventType "swiss"]
[EventRounds "5"]
[EventCountry "CAN"]
[SourceTitle "hb 2011"]

1. c4 Nf6 2. Nc3 g6 3. g3 Bg7 4. Bg2 O-O 5. Nf3 d6 6. d4 Nbd7 7. O-O e5 8. e4 c6 9. Re1 Re8 10. Bg5 h6 11. Be3 Qc7 12. h3 exd4 13. Nxd4 Nc5 14. Qc2 a5 15. Rad1 Be6 16. Nxe6 Nxe6 17. Qd2 Rad8 18. Bxh6 Qb6 19. Bxg7 Kxg7 20. Re3 Nc5 21. Qc2 Re6 22. Ne2 Rde8 23. Nc3 Qb4 24. Rd4 b5 25. Qe2 bxc4 26. Rxc4 Qb6 27. Na4 Nxa4 28. Rxa4 d5 29. Qd2 dxe4 30. Qd4 c5 31. Qc3 Re5 32. Bxe4 Kg8 33. Bf3 Rxe3 34. fxe3 c4 35. Kf2 Rb8 36. Rxc4 Qxb2+ 37. Qc2 a4 38. Bc6 a3 39. Ba4 Qxc2+ 40. Rxc2 Rb2 41. Kf3 Nd5 42. Bb3 Kg7 43. Rc4 g5 44. Ra4 Nc3 45. Rxa3 Nb1 46. Ra5 Nd2+ 47. Kg4 Nxb3 48. axb3 Rxb3 49. Rxg5+ Kh6 50. Re5 Kg6 51. Kf4 Rb6 52. Rg5+ Kf6 53. h4 Rb1 54. e4 Rf1+ 55. Kg4 Re1 56. e5+ Ke6 57. Rf5 Ke7 58. Kg5 Re3 59. g4 Re1 60. Kh6 Re4 61. Rg5 1-0

[Event "Hiver/Winter op"]
[Site "Montreal CAN"]
[Date "1982.02.21"]
[Round "4"]
[White "Rousseau, Daniel"]
[Black "Desforges, Jean"]
[Result "0-1"]
[WhiteElo "1782"]
[BlackElo "1951"]
[PlyCount "84"]
[GameId "2160767912848702"]
[EventDate "1982.02.19"]
[EventType "swiss"]
[EventRounds "5"]
[EventCountry "CAN"]
[SourceTitle "hb 2011"]

1. e4 Nf6 2. e5 Nd5 3. d4 d6 4. c4 Nb6 5. exd6 cxd6 6. h3 g6 7. Nf3 Bg7 8. Nc3 Nc6 9. Be2 O-O 10. Be3 d5 11. c5 Nc4 12. Bxc4 dxc4 13. O-O b6 14. Qa4 Nxd4 15. Nxd4 Bxd4 16. Rad1 bxc5 17. Qxc4 Be6 18. Qa4 Bd7 19. Qc4 e5 20. Bxd4 cxd4 21. Ne4 Qe7 22. Qd5 Rfd8 23. Qa5 Bc6 24. Rfe1 Rab8 25. f4 Rxb2 26. fxe5 Bxe4 27. Rxe4 d3 28. Rd2 Rxd2 29. Qxd2 Qc5+ 30. Kh2 Qd5 31. Re1 Rc8 32. Rd1 Qxe5+ 33. Kh1 Rd8 34. Re1 Qd4 35. Kh2 Rc8 36. Rd1 Qd6+ 37. Kh1 Re8 38. Qxd3 Re1+ 39. Rxe1 Qxd3 40. Kg1 Qd4+ 41. Kh1 Qd2 42. Rf1 Qxa2 0-1

[Event "Hiver/Winter op"]
[Site "Montreal CAN"]
[Date "1982.02.21"]
[Round "5"]
[White "Lafortune, Normand"]
[Black "Rousseau, Daniel"]
[Result "0-1"]
[WhiteElo "1698"]
[BlackElo "1782"]
[PlyCount "72"]
[GameId "2160767912848705"]
[EventDate "1982.02.19"]
[EventType "swiss"]
[EventRounds "5"]
[EventCountry "CAN"]
[SourceTitle "hb 2011"]

1. e4 e5 2. Nf3 Nc6 3. Bb5 a6 4. Ba4 Nf6 5. O-O Nxe4 6. d4 b5 7. Bb3 d5 8. dxe5 Be6 9. c3 Bc5 10. Nbd2 O-O 11. Bc2 Nxf2 12. Rxf2 f6 13. exf6 Qxf6 14. Nb3 Bxf2+ 15. Kxf2 Ne5 16. Kg1 c6 17. Qe2 Nxf3+ 18. Qxf3 Qxf3 19. gxf3 Bh3 20. Kf2 Bg4 21. Bd1 Rf7 22. Kg3 Bh5 23. Be3 Re8 24. Bc5 Re1 25. Kf2 Rh1 26. Kg2 Rxd1 27. Rxd1 Bxf3+ 28. Kg3 Bxd1 29. Nd4 Rf6 30. Be7 Rg6+ 31. Kf4 Kf7 32. Ba3 Ke8 33. Ke5 Kd7 34. Nf5 Rg4 35. Nd4 h6 36. Nb3 Bxb3 0-1

[Event "Jeudichecs"]
[Site "Montreal CAN"]
[Date "1982.02.11"]
[Round "1"]
[White "Rousseau, Daniel"]
[Black "Page, Roger"]
[Result "1-0"]
[WhiteElo "1782"]
[BlackElo "1555"]
[PlyCount "119"]
[GameId "2160767912848725"]
[EventDate "1982.02.11"]
[EventType "tourn"]
[EventRounds "3"]
[EventCountry "CAN"]
[SourceTitle "hb 2011"]

1. e4 d5 2. exd5 Nf6 3. d4 Nxd5 4. c4 Nb6 5. Nf3 Bg4 6. Be2 g6 7. Nc3 Bg7 8. Be3 O-O 9. c5 Nd5 10. Nxd5 Qxd5 11. h3 Bf5 12. Nd2 Nc6 13. Bf3 Qd7 14. Bxc6 Qxc6 15. O-O Rad8 16. Qf3 Qxf3 17. Nxf3 Rd5 18. Rfd1 Rfd8 19. Rd2 Be4 20. Ng5 Bf5 21. g4 Bd7 22. Ne4 Bc6 23. Nc3 R5d7 24. Rad1 Bf3 25. Re1 Kf8 26. Bg5 h6 27. Bf4 c6 28. Re3 Bd5 29. Be5 Be6 30. Bxg7+ Kxg7 31. Re4 Kf8 32. b3 Bd5 33. Re3 f6 34. f4 Bg8 35. Ne2 f5 36. gxf5 gxf5 37. Red3 Bd5 38. Kf2 e6 39. Rg3 Kf7 40. Rd1 Rg8 41. Rdg1 Rxg3 42. Rxg3 Rd8 43. Nc3 Kf6 44. h4 Rd7 45. h5 Rg7 46. Rxg7 Kxg7 47. Nxd5 exd5 48. Ke2 Kf7 49. Kd2 Ke7 50. Kc3 Kd7 51. Kb4 Kc7 52. a4 b6 53. cxb6+ axb6 54. a5 bxa5+ 55. Kxa5 Kb7 56. b4 Kc7 57. b5 Kb7 58. bxc6+ Kxc6 59. Ka6 Kd7 60. Kb7 1-0

[Event "Jeudichecs"]
[Site "Montreal CAN"]
[Date "1982.02.18"]
[Round "2"]
[White "Robillard, Jean"]
[Black "Rousseau, Daniel"]
[Result "0-1"]
[WhiteElo "2067"]
[BlackElo "1782"]
[PlyCount "94"]
[GameId "2160767912848726"]
[EventDate "1982.02.11"]
[EventType "tourn"]
[EventRounds "3"]
[EventCountry "CAN"]
[SourceTitle "hb 2011"]

1. e4 e5 2. Nf3 Nc6 3. Bb5 a6 4. Ba4 Nf6 5. d4 exd4 6. O-O Be7 7. Re1 O-O 8. e5 Ne8 9. c3 dxc3 10. Nxc3 f6 11. Bc2 fxe5 12. Qd3 g6 13. Bh6 Rxf3 14. Qxf3 Nf6 15. Nd5 Nxd5 16. Qxd5+ Kh8 17. Bb3 d6 18. Qf7 Bf6 19. Bf8 Be6 20. Bxe6 Qxf8 21. Qxc7 Qe7 22. Qxe7 Bxe7 23. Rac1 Bg5 24. Rc4 Kg7 25. Bd7 Ne7 26. Rc7 Rb8 27. Rd1 d5 28. Be6 d4 29. Bd5 b6 30. Be4 Kf6 31. Kf1 Ke6 32. Rd3 Kd6 33. Rb7 Rxb7 34. Bxb7 a5 35. Rb3 Kc5 36. Be4 b5 37. h4 Bc1 38. Rf3 Bxb2 39. Rf7 Kd6 40. Rxh7 a4 41. Bxg6 b4 42. Bc2 b3 43. Bxb3 axb3 44. axb3 Nd5 45. h5 d3 46. Ke1 Bc1 47. Kd1 Bg5 0-1

[Event "Jeudichecs"]
[Site "Montreal CAN"]
[Date "1982.02.25"]
[Round "3"]
[White "Rousseau, Daniel"]
[Black "Desautels, Mario"]
[Result "1/2-1/2"]
[WhiteElo "1782"]
[BlackElo "1750"]
[PlyCount "112"]
[GameId "2160767912848727"]
[EventDate "1982.02.11"]
[EventType "tourn"]
[EventRounds "3"]
[EventCountry "CAN"]
[SourceTitle "hb 2011"]

1. e4 c6 2. d4 d5 3. Nc3 dxe4 4. Nxe4 Nf6 5. Ng5 h6 6. N5f3 Bg4 7. Bc4 Nbd7 8. h3 Bh5 9. g4 Bg6 10. Ne2 e6 11. Bf4 Nb6 12. Bd3 Bxd3 13. Qxd3 Nfd5 14. Bg3 Bd6 15. Ne5 Nb4 16. Qd2 Bxe5 17. Bxe5 f6 18. Qxb4 fxe5 19. dxe5 Qd5 20. O-O Qxe5 21. Nf4 O-O-O 22. Ng6 Nd5 23. Qxb7+ Kxb7 24. Nxe5 Rhf8 25. Rfe1 Nf4 26. Re3 Rd2 27. Rb3+ Kc7 28. Re1 Rxc2 29. Re4 g5 30. Ra4 Ne2+ 31. Kf1 Rxf2+ 32. Kxf2 Nc3+ 33. Kg3 Nxa4 34. Nf7 Nxb2 35. Nxh6 c5 36. Nf7 c4 37. Ra3 Nd1 38. Nxg5 c3 39. Nxe6+ Kd6 40. Nd4 Rd2 41. Nb5+ Kc5 42. Nxc3 Rd3+ 43. Kh4 Nxc3 44. Rxa7 Ne4 45. Rc7+ Kd6 46. Rc2 Ke5 47. a4 Ra3 48. g5 Nxg5 49. Rc5+ Kf6 50. Rxg5 Rxa4+ 51. Rg4 Rxg4+ 52. hxg4 Kg6 53. g5 Kg7 54. Kh5 Kh7 55. g6+ Kg7 56. Kg5 Kg8 1/2-1/2

[Event "Specialiste op"]
[Site "Montreal CAN"]
[Date "1982.01.29"]
[Round "1"]
[White "Balla, Thomas"]
[Black "Rousseau, Daniel"]
[Result "1/2-1/2"]
[WhiteElo "1477"]
[BlackElo "1803"]
[PlyCount "85"]
[GameId "2160767912848863"]
[EventDate "1982.01.29"]
[EventType "swiss"]
[EventRounds "5"]
[EventCountry "CAN"]
[SourceTitle "hb 2011"]

1. e4 c5 2. Nf3 Nc6 3. d4 cxd4 4. Nxd4 Nf6 5. Nc3 d6 6. Be2 e5 7. Nb3 Be6 8. O-O Be7 9. Be3 d5 10. exd5 Nxd5 11. Nxd5 Qxd5 12. Nc5 O-O 13. Bf3 Qxd1 14. Rfxd1 Bxc5 15. Bxc5 Rfd8 16. Bxc6 bxc6 17. b3 Rd5 18. Be3 Rad8 19. Rxd5 cxd5 20. Bxa7 Rc8 21. b4 Rxc2 22. a4 d4 23. h3 Rb2 24. b5 d3 25. Rd1 e4 26. Be3 h6 27. b6 Bb3 28. Rd2 Rb1+ 29. Kh2 Bxa4 30. f3 Bc6 31. fxe4 Bxe4 32. Bd4 f5 33. Kg3 g5 34. h4 Kf7 35. hxg5 hxg5 36. Kf2 f4 37. g3 Ke6 38. gxf4 gxf4 39. Rb2 Rxb2+ 40. Bxb2 Bb7 41. Ke1 Kd5 42. Bf6 Kc4 43. Kd2 1/2-1/2

[Event "Specialiste op"]
[Site "Montreal CAN"]
[Date "1982.01.30"]
[Round "2"]
[White "Rousseau, Daniel"]
[Black "Spraggett, Kevin"]
[Result "0-1"]
[WhiteElo "1803"]
[BlackElo "2524"]
[PlyCount "58"]
[GameId "2160767912848866"]
[EventDate "1982.01.29"]
[EventType "swiss"]
[EventRounds "5"]
[EventCountry "CAN"]
[SourceTitle "hb 2011"]

1. e4 c5 2. Nf3 e6 3. d4 cxd4 4. Nxd4 Nc6 5. Be2 Nf6 6. Nc3 d6 7. Be3 Be7 8. O-O O-O 9. f4 Bd7 10. Nb3 a6 11. a4 b6 12. Bf3 Qc7 13. Qd2 Rab8 14. g4 Bc8 15. g5 Nd7 16. Qg2 Re8 17. e5 Bb7 18. Ne4 dxe5 19. Nf6+ Nxf6 20. gxf6 Bxf6 21. fxe5 Nxe5 22. Bxb7 Qxb7 23. Qg3 Ng6 24. c3 e5 25. Qf2 a5 26. Nd2 Re6 27. Nf3 Rf8 28. Rad1 Be7 29. h3 f5 0-1